000 00633nas a2200241 4500
001 BR2019000842
003 BR-BrBNA
005 20231205131646.0
007 ta
008 230509b bl.|||p| |||| 00| 00por d
040 _aBR-BrBNA
_bpor
_cBiblioteca Nacional de Agricultura
041 _a(Pt)
072 _aL01
100 1 _aGiannini, T.C.
100 1 _a
245 1 _aEm defesa dos polinizadores
650 _aMEL
650 _aPÓLEN
650 _aPESQUISA
773 0 _tA Granja (Brazil)
_x0367-505x
_g(Jul 2016), v. 72(811) p. 42-43
_wBR2019000842
909 _a202311
_bLúcia
_c55
_dLúcia Elande
942 _2AGRIS
_n0
_cANA
999 _c255962
_d255962